| 000 | 00342nam a2200133Ia 4500 | ||
|---|---|---|---|
| 005 | 20260326235452.0 | ||
| 008 | 260326s9999||||xx |||||||||||||| ||und|| | ||
| 100 | _aMendoza Riaño, Consuelo | ||
| 245 | 0 |
_aAsí es Barranquilla / _cConsuelo Mendoza Riaño |
|
| 260 | _bGamma | ||
| 300 | _a228 p. | ||
| 650 | _aARQUITECTURA REGIONAL | ||
| 942 | _cBK | ||
| 999 |
_c7786 _d7786 |
||